| 000 | 00400nam a22001577a 4500 | ||
|---|---|---|---|
| 003 | SGT | ||
| 020 | _a978-3-13-749402-7 | ||
| 082 | _a617.52, E08W | ||
| 100 | _aWILGAND, MALTE E. | ||
| 245 | _aENDOSCOPIC SURGERY OF THE PARANASAL OF SINUSES AND ANTERIOR SKULL BASE | ||
| 250 | _a2ND | ||
| 260 |
_aNEW YORK _bTHIEMS PUB. _c2008 |
||
| 300 | _a223 | ||
| 650 | _aENDOSCOPIC SURGERY | ||
| 942 |
_2ddc _cBK |
||
| 999 |
_c8980 _d8980 |
||